| 000 | 00596nam a2200145Ia 4500 | ||
|---|---|---|---|
| 008 | 230917s9999||||xx |||||||||||||| ||und|| | ||
| 040 |
_e166078 _aMAIN |
||
| 041 | _aEnglish | ||
| 082 | _a891.4317109 MG426:SJ | ||
| 100 | _aशर्मा, जयप्रकाश | ||
| 245 | 0 | _aस्वातंत्र्योत्तर हिन्दी काव्य आन्दोलनछ गिरीजाकुमार माथुर के विशेष सन्दर्भ में | |
| 260 |
_aदिल्ली _bनिर्मल _c2002 |
||
| 300 | _a351पृ. p. | ||
| 942 | _cHN | ||
| 999 |
_c82374 _d82374 |
||